Catalog

Record Details

Catalog Search



Cross-Cultural Servanthood : Serving the World in Christlike Humility Cover Image Book Book

Cross-Cultural Servanthood : Serving the World in Christlike Humility Duane Elmer

Elmer, Duane (Author).

Record details

  • ISBN: 978-0-8308-3378-8
  • Physical Description: 212 p.
  • Publisher: Downers Grove, Illinois IVP Books 2006

Available copies

  • 1 of 1 copy available at Common Catalog SPOK.

Holds

  • 0 current holds with 1 total copy.
Show Only Available Copies
Location Call Number / Copy Notes Barcode Shelving Location Status Due Date
ETS Library 266.023 424470013066 Volný výběr Available -

LDR 00674nam a2 00241
00142050
003CZ-PrJAB
00520140129000000.0
008140129s2006 xxu e |||| |eng
009us
020 . ‡a978-0-8308-3378-8
035 . ‡a(CONS)1611
035 . ‡aKPS14064
040 . ‡aABG450
041 . ‡aeng
08214. ‡a266.023
100 . ‡7337 ‡aElmer, Duane
245 . ‡aCross-Cultural Servanthood : ‡bServing the World in Christlike Humility ‡cDuane Elmer
260 . ‡aDowners Grove, Illinois ‡bIVP Books ‡c2006
300 . ‡a212 p.
653 . ‡aCross-Cultural Servanthood
8524 . ‡bETS ‡bETS ‡cVolný výběr ‡j266.023 ‡gA ‡p424470013066
910 . ‡aABG450
999 . ‡a1611 ‡bAUTOGEN ‡c1611 ‡tbiblio
905 . ‡uadmin
901 . ‡a42050 ‡b ‡c42050 ‡tbiblio ‡sets

Additional Resources